Aquatic systems engineering: devices and how they function
Збережено в:
| Автор: | |
|---|---|
| Формат: | Книга |
| Мова: | Англійська |
| Опубліковано: |
Oxnard
Dimension Engineering Press
1996
|
| Предмети: | |
| Теги: |
Додати тег
Немає тегів, Будьте першим, хто поставить тег для цього запису!
|
MARC
| LEADER | 00000nam a2200000 a 4500 | ||
|---|---|---|---|
| 001 | UCP5646 | ||
| 003 | CL-VaPUC | ||
| 008 | 990927e19960000us |||||||||||||||||eng|d | ||
| 082 | 0 | 4 | |a 639.34 |b ESC |2 21 |
| 100 | 0 | |a Escobal, P. R |e author |9 434143 | |
| 245 | 1 | 0 | |a Aquatic systems engineering: devices and how they function |
| 300 | |a 206 p | ||
| 942 | |c BK | ||
| 945 | |d 19990927 00:00:00 |a rbrito | ||
| 260 | |a Oxnard |b Dimension Engineering Press |c 1996 | ||
| 650 | 0 | |a Acuarios |9 262315 | |
| 650 | 7 | |a BOMBAS |2 CL-VaPUC |9 259418 | |
| 650 | 0 | |a Agua |9 257149 | |
| 650 | 7 | |a PURIFICACION |2 CL-VaPUC |9 262791 | |
| 650 | 7 | |a FILTROS |2 CL-VaPUC |9 323901 | |
| 650 | 7 | |a DESINFECCION DEL AGUA |2 CL-VaPUC |9 434144 | |
| 583 | |a last modification |c 20171114 11:13:57 |k Rodrigo Vera | ||
| 999 | |c 283343 |d 283341 | ||
| 952 | |0 0 |1 2 |4 0 |6 639_340000000000000_ESC_1996 |7 0 |8 A |9 326391 |a BIBRNT |b BIBRNT |d 2019-11-20 |i 3563456 |o 639.34 ESC 1996 |p 3563456 |r 2019-11-20 |w 2019-11-20 |y BK |k RNT | ||
| 952 | |0 0 |1 0 |4 0 |6 639_340000000000000_ESC_1996 |7 0 |8 CCM |9 326392 |a BIBCUR |b BIBCUR |d 2019-11-20 |i 3545628 |o 639.34 ESC 1996 |p 3545628 |r 2025-04-22 |w 2019-11-20 |y BK |k CIM | ||